| 000 | 00886nam a22002657a 4500 | ||
|---|---|---|---|
| 003 | CBULib | ||
| 005 | 20260203095836.0 | ||
| 008 | 260129b |||||||| |||| 00| 0 eng d | ||
| 020 | _a9780137654765 | ||
| 040 |
_bEnglish _cCBULib _erda |
||
| 041 | _aeng | ||
| 050 | _aQA 276.12 Lev | ||
| 100 |
_95282 _aLevine, David M. |
||
| 245 |
_aEven you can learn statistics and analytics : an easy to understand guide to statistics and analytics _c/ by David M. Levine and David F. Stephan |
||
| 250 | _aFourth edition | ||
| 260 |
_bPearson Education, _c2022 |
||
| 300 | _axv, 373 pages : illustrations | ||
| 336 |
_2rdacontent _aText | _btxt |
||
| 337 |
_2rdamedia _aUnmediated | _bn |
||
| 338 |
_2rdacarrier _aVolume _bnc |
||
| 650 | 0 |
_95283 _aSTATISTICS --STUDY AND TEACHING |
|
| 650 | 0 |
_95284 _aANALYTICS --STUDY AND TEACHING |
|
| 700 |
_95114 _aStephan, David F |
||
| 942 |
_2lcc _c002 |
||
| 999 |
_c86653 _d86653 |
||